Plán práce Evropské komise

Obsah pracovného plánu Európskej komisie - výstavba ekonomiky, vytvorenie hospodárskej a menovej únie, posilnenie hospodárskej, regionálnej a sociálnej politiky, vytvorenie únie a jej riadenie, príprava medzivládnej konferencie k ďalšiemu rozvoju únie v r.1996.

Na minha lista:
Detalhes bibliográficos
Autor principal: Peltrám, A.
Formato: Capítulo de Livro
Idioma:tcheco
Assuntos:
Tags: Adicionar Tag
Sem tags, seja o primeiro a adicionar uma tag!

MARC

LEADER 00000naa a2200000 4500
001 r019665
005 20221205102226.2
041 0 |a cze 
044 |a CZ 
245 1 0 |a Plán práce Evropské komise  |c A. Peltrám 
520 |a Obsah pracovného plánu Európskej komisie - výstavba ekonomiky, vytvorenie hospodárskej a menovej únie, posilnenie hospodárskej, regionálnej a sociálnej politiky, vytvorenie únie a jej riadenie, príprava medzivládnej konferencie k ďalšiemu rozvoju únie v r.1996. 
610 2 0 |a Európska komisia 
610 2 0 |a politika hospodárska 
610 2 0 |a politika regionálna 
610 2 0 |a politika sociálna 
100 1 |a Peltrám, A.